Prof. MUDr. Jiří Ehrmannf CSc. sedmdesátníkem

Bibliographic Details
Main Author: Procházka, Vladimír, 1972- (Author)
Format: Article
Language:Czech

MARC

LEADER 00000nab a2200000uu 4500
001 vtls011491401
003 SK-MaSNL
005 20260303132631.0
008 230218|2010 xo |||||||||||||||||cze|
015 |a SNBRB 
035 |a (urnnbn)urn:nbn:sk:snk:ar-007m1c 
035 |a (uuid)d721df99-6500-49e1-969b-628697298046 
035 |a urn:nbn:sk:snk-abdgdq 
040 |a SNKBUCL  |b slo  |c SNKBUCL  |e AACR2 
041 0 |a cze 
044 |a xo  |c SK 
100 1 |a Procházka, Vladimír,  |d 1972-  |4 aut  |9 179879 
245 1 0 |a Prof. MUDr. Jiří Ehrmannf CSc. sedmdesátníkem  |c V. Procházka 
246 3 |a Prof. MUDr. Jiří Ehrmann CSc. turned seventy 
773 0 |t Česká a slovenská gastroenterologie a hepatologie : časopis České gastroenterologické a Hepatologické společnosti a Slovenskej gastroenterologickej a Slovenskej hepatologickej spoločnosti  |g Roč. 64, č. 5 (2010), s. 30-31 
954 |a odborná, vedecká literatúra cudzojazyčná (svetová)  |2 lita 
958 |a OND 
958 |a EUIPO 
958 |a article18 
999 |c 1952421  |d 1954351